000 00306nam a2200121Ia 4500
008 191201s2005 xx 000 0 und d
100 _aJAIN VISHAV BHARTI (Pub.)
245 0 _aAatma Ka Darsan
260 _aN. delhi
_bJain Vishav Bharti
_c2005
300 _a461
650 _aGeneral Books
942 _2ddc
_cBK
_01
999 _c728
_d728